Normal view
MARC view
- European Materials Research Society.
Entry Corporate Name
001 - CONTROL NUMBER
- control field: 3302
003 - CONTROL NUMBER IDENTIFIER
- control field: NUST
005 - DATE AND TIME OF LATEST TRANSACTION
- control field: 20170713161502.0
008 - FIXED-LENGTH DATA ELEMENTS
- fixed length control field: 170713|| aca||aabn | a|a d
040 ## - CATALOGING SOURCE
- Original cataloging agency: NUST
- Transcribing agency: NUST
110 ## - HEADING--CORPORATE NAME
- Corporate name or jurisdiction name as entry element: European Materials Research Society.
670 ## - SOURCE DATA FOUND
- Source citation: Work cat.: (NUST)0: Nanomaterials and nanochemistry /, c2007.
